Ekonomické aspekty v územnej samospráve recenzovaný zborník príspevkov z vedeckej korešpondenčnej konferencie : Košice 2011

Gespeichert in:
Bibliographische Detailangaben
Körperschaft: Ekonomické aspekty v územnej samospráve. Vedecká korešpondenčná konferencia
Weitere Verfasser: Mihaliková, Eva, Štefko, Róbert, Čepelová, Anna
Format: Buch
Sprache:Slowakisch
Veröffentlicht: Košice Katedra ekonomiky a riadenia verejnej správy FVS UPJŠ v Košiciach 2011
Schlagworte:
Tags: Tag hinzufügen
Keine Tags, Fügen Sie das erste Tag hinzu!

MARC

LEADER 00000nlm$a2200000$$$4500
001 0132506
005 20240109073006.4
020 |a 978-80-7097-863-4 
041 0 |a slo 
044 |a SK 
245 1 0 |a Ekonomické aspekty v územnej samospráve  |b recenzovaný zborník príspevkov z vedeckej korešpondenčnej konferencie : Košice 2011  |c Zostavovateľ: Eva Mihaliková 
264 1 |a Košice  |b Katedra ekonomiky a riadenia verejnej správy FVS UPJŠ v Košiciach  |c 2011 
300 |a CD-ROM [186 s.] 
610 2 0 |a samospráva 
610 2 0 |a samospráva miestna 
610 2 0 |a správa verejná 
610 2 0 |a financie verejné 
700 1 |a Mihaliková, Eva 
700 1 |a Štefko, Róbert 
700 1 |a Čepelová, Anna 
110 2 |a Ekonomické aspekty v územnej samospráve. Vedecká korešpondenčná konferencia